000 00722nam a2200277 a 4500
003 AR-BaBNM
005 20251128203456.0
008 082120s2002 ||||||||||||||000 | spa||
020 _a84-348-1174-X
040 _cAR-BaBNM
100 1 _aLobe, Mira
245 0 0 _aEl fantasma de palacio
250 _a8ª ed.
260 _aMadrid
_bEdiciones S.M.
_c1988
300 _a75 p.
_bil.
490 0 _aEl barco de vapor
_vv. 47
500 _aRecomendado para las primeras lecturas
650 4 _aLITERATURA INFANTIL
650 4 _aLIBROS PARA NIÑOS
653 _aCUENTOS DE MISTERIO
653 _aCUENTOS DE FANTASMAS
655 _aLITERATURA
700 1 _aWeigel, Susi
_eilustrador
942 _cBK
998 _claura
999 _c3554
_d3554